[Event "Tourn. n8678"]
[Site "www.chess-mail.com"]
[Date "2016.05.02"]
[Round "1"]
[White "Genius7"]
[Black "Falcoale"]
[WhiteElo "1820"]
[BlackElo "1820"]
[Result "0-1"]
[Round "1"]
1.d4 Ng8f6
2.Ng1f3 b6
3.c4 Bc8b7
4.Nb1c3 e6
5.e3 Bf8b4
6.Bf1d3 Nf6e4
7.Bd3xe4 Bb7xe4
8.Bc1d2 Be4b7
9.O-O O-O
10.a3 Bb4e7
11.e4 d6
12.Qd1e2 Nb8d7
13.Rf1e1 c6
14.Ra1d1 Bb7a6
15.b3 Nd7f6
16.h3 d5
17.e5 Nf6d7
18.a4 Ra8b8
19.Bd2c1 c5
20.Bc1e3 Rb8c8
21.dxc5 bxc5
22.Qe2a2 d4
23.Qa2d2 Ba6b7
{ resign }
0-1

[Event "Tourn. n8751"]
[Site "www.chess-mail.com"]
[Date "2016.05.02"]
[Round "1"]
[White "Pimpampum"]
[Black "Amo"]
[WhiteElo "2060"]
[BlackElo "1809"]
[Result "1-0"]
[Round "1"]
1.d3 g6
2.g3 d5
3.Bf1g2 c6
4.Ng1f3 Bf8g7
5.O-O e5
6.c3 f6
7.e4 Bc8g4
8.exd5 cxd5
9.Qd1a4 Bg4d7
10.Qa4b3 Bd7c6
11.Rf1e1 Qd8d6
12.Nb1a3 a6
13.Nf3d4 Ng8e7
14.Nd4xc6 bxc6
15.Qb3b7 O-O
16.Qb7xa8 c5
17.Qa8b7 Ne7c6
18.Qb7b3 Nc6a5
19.Qb3xd5 { resign }
1-0

[Event "Tourn. n8657"]
[Site "www.chess-mail.com"]
[Date "2016.05.02"]
[Round "1"]
[White "Cardiff"]
[Black "Ditto"]
[WhiteElo "1600"]
[BlackElo "1620"]
[Result "1/2-1/2"]
[Round "1"]
1.d4 d5
2.Nb1c3 Ng8f6
3.Ng1f3 Bc8f5
4.Bc1f4 e6
5.e3 Bf8b4
6.Bf1d3 Bf5g4
7.h3 Bg4h5
8.O-O O-O
9.Bd3e2 Nb8c6
10.Qd1d3 Bh5g6
11.Qd3d1 Bb4a5
12.Nf3e5 Nc6xe5
13.Bf4xe5 c6
14.Be2d3 Bg6h5
15.Bd3e2 Bh5g6
16.Be2d3 Bg6h5
17.Bd3e2 Bh5g6
18.Be2d3 Bg6h5
19.Bd3e2 Bh5g6
20.Be2d3 Bg6h5
21.Qd1d2 b5
22.a3 Nf6d7
23.Be5g3 Nd7f6
24.b4 Ba5b6
25.Bg3h4 Qd8e7
26.Nc3e2 Bb6d8
27.Ne2f4 Bh5g6
28.Nf4xg6 fxg6
29.a4 a5

1/2-1/2

[Event "Tourn. n8691"]
[Site "www.chess-mail.com"]
[Date "2016.05.02"]
[Round "1"]
[White "Prize64"]
[Black "Tonino1"]
[WhiteElo "2190"]
[BlackElo "2250"]
[Result "1-0"]
[Round "1"]
1.e4 c5
2.Ng1f3 d6
3.d4 cxd4
4.Nf3xd4 Ng8f6
5.Nb1c3 g6
6.Bc1e3 Bf8g7
7.f3 O-O
8.Qd1d2 Rf8e8
9.Bf1c4 Nb8c6
10.O-O-O Bc8d7
11.g4 Ra8c8
12.Bc4b3 Nc6e5
13.Kb1 Qd8a5
14.h4 Ne5c4
15.Bb3xc4 Rc8xc4
16.h5 b5
17.hxg6 hxg6
18.Be3h6 Bg7h8
19.Bh6e3 Bh8g7
20.Nd4b3 Qa5a6
21.g5 Nf6h5
22.Nb3c5 dxc5
23.Qd2xd7 Re8c8
24.Nc3d5 Bg7f8
25.Nd5xe7 Bf8xe7
26.Qd7xe7 Rc4a4
27.Rd1d8 Rc8xd8
28.Qe7xd8 Kg7
29.Be3xc5 Qa6e6
30.Bc5d4 Ra4xd4
31.Qd8xd4 Kh7
32.b3 a6
33.f4 Kg8
34.f5 Qe6e7
35.fxg6  { time }
1-0

[Event "Tourn. n8722"]
[Site "www.chess-mail.com"]
[Date "2016.05.02"]
[Round "1"]
[White "Azulmarino"]
[Black "Claudia"]
[WhiteElo "1490"]
[BlackElo "999"]
[Result "0-1"]
[Round "1"]
1.e4 c5
2.c4 d6
3.Ng1f3 Ng8f6
4.d3 e6
5.Nb1c3 Bf8e7
6.h3 O-O
7.Bc1g5 Nb8c6
8.Bf1e2 a6
9.O-O h6
10.Bg5e3 b6
11.Nf3h4 Nf6xe4
12.Nc3xe4 Be7xh4
13.Be2g4 f5
14.g3 Bh4e7
15.Kh2 fxg4
16.Qd1xg4 Kh7
17.h4 d5
18.cxd5 exd5
19.Ne4g5 Be7xg5
20.hxg5 Bc8xg4
21.gxh6 gxh6
22.Ra1e1 Bg4f3
23.Be3f4 Rf8xf4
24.gxf4 Qd8h4
{ resign }
0-1

[Event "Tourn. n8750"]
[Site "www.chess-mail.com"]
[Date "2016.05.02"]
[Round "1"]
[White "Romaamor69"]
[Black "Francesco"]
[WhiteElo "1859"]
[BlackElo "1960"]
[Result "1-0"]
[Round "1"]
1.d4 d5
2.Ng1f3 Bc8g4
3.Nf3e5 Bg4h5
4.Qd1d3 e6
5.Qd3h3 Ng8f6
6.g4 Bh5g6
7.Ne5xg6 fxg6
8.g5 Nf6e4
9.Qh3xe6 Qd8e7
10.Qe6c8 Qe7d8
11.Qc8xb7 Nb8d7
12.Qb7xd5 Ne4d6
13.Nb1c3 Nd7b6
14.Qd5c6 Nb6d7
15.e4 Bf8e7
16.e5 { resign }
1-0

[Event "Tourn. n8741"]
[Site "www.chess-mail.com"]
[Date "2016.05.02"]
[Round "1"]
[White "Picifarkinca"]
[Black "Pimpampum"]
[WhiteElo "1720"]
[BlackElo "1799"]
[Result "1/2-1/2"]
[Round "1"]
1.Ng1f3 d5
2.d4 e6
3.c4 Bf8e7
4.Nb1c3 Ng8f6
5.Bc1g5 O-O
6.e3 Nb8d7
7.Ra1c1 a6
8.Bf1d3 dxc4
9.Bd3xc4 b5
10.Bc4d3 Bc8b7
11.O-O c5
12.dxc5 Nd7xc5
13.Bd3b1 Qd8xd1
14.Rf1xd1 Rf8d8
15.b4 Nc5d7
16.Nf3e1 Nd7b6
17.Ne1d3 h6
18.Bg5f4 Nf6d5
19.Nc3xd5 Nb6xd5
20.Bf4g3 Nd5xb4
21.Rc1c7 Bb7e4
22.Rc7xe7 Be4xd3
23.Bb1xd3 Rd8xd3
24.Rd1xd3 Nb4xd3
25.Re7d7 Nd3b4
26.Rd7d2 Ra8c8
27.Kf1 Rc8c2
28.Rd2xc2 Nb4xc2
29.Bg3d6 a5
30.Ke2 Nc2b4
31.Bd6xb4 axb4
32.Kd2 Kf8
33.Kc2 Ke7
34.Kb3 Kd6
35.Kxb4 Kc6
{ draw }
1/2-1/2

[Event "Match"]
[Site "www.echecsemail.com"]
[Date "2016.05.02"]
[Round "1"]
[White "Pinehill"]
[Black "Pimpampum"]
[WhiteElo "2120"]
[BlackElo "2030"]
[Result "0-1"]
[Round "1"]
1.e4 e5
2.d4 exd4
3.Bf1c4 Nb8c6
4.Ng1f3 Bf8e7
5.O-O d6
6.c3 d3
7.Bc4xd3 Bc8g4
8.Nb1d2 Ng8f6
9.h3 Bg4h5
10.Rf1e1 O-O
11.Qd1c2 Nc6e5
12.Nf3xe5 dxe5
13.g4 Bh5g6
14.Nd2c4 Nf6d7
15.f4 exf4
16.Bc1xf4 Be7c5
17.Kh2 Qd8h4
18.Bf4g3 Qh4e7
19.Bg3xc7 h5
20.gxh5 Bg6xh5
21.e5 Qe7h4
22.Re1e2 Qh4f4
23.Kh1 Qf4f3
24.Re2g2 Qf3xh3
25.Rg2h2 Bh5f3
{ resign }
0-1

[Event "Match"]
[Site "www.echecsemail.com"]
[Date "2016.05.02"]
[Round "1"]
[White "Bojan"]
[Black "Mitja"]
[WhiteElo "1820"]
[BlackElo "1840"]
[Result "0-1"]
[Round "1"]
1.c4 d5
2.c5 b6
3.d4 e6
4.b4 c6
5.Nb1c3 h6
6.e3 b5
7.Ng1f3 Nb8a6
8.a3 Ng8e7
9.g3 Ne7g6
10.Bf1g2 Bc8b7
11.Bc1d2 Bf8e7
12.Nc3e2 Qd8c7
13.a4 bxa4
14.Ra1xa4 Na6b8
15.Qd1b3 Bb7a6
16.Qb3a2 Ba6b5
17.Ra4a5 Bb5c4
18.Qa2a1 Qc7b7
19.Nf3e5 Ng6xe5
20.dxe5 Nb8a6
21.Qa1b2 Be7d8
22.Ra5a1 Na6xc5
23.Qb2c2 Nc5d3
24.Kf1 Nd3xe5
25.e4 Qb7b5
26.Bd2c3 Bd8f6
27.Kg1 Bc4xe2
28.f4 Qb5b6
{ resign }
0-1

[Event "Match"]
[Site "www.echecsemail.com"]
[Date "2016.05.02"]
[Round "1"]
[White "Bojan"]
[Black "Amo"]
[WhiteElo "1850"]
[BlackElo "1549"]
[Result "1-0"]
[Round "1"]
1.e4 e6
2.d4 d5
3.exd5 exd5
4.c4 g6
5.h3 Qd8e7
6.Qd1e2 Bc8e6
7.cxd5 Be6xd5
8.a3 Nb8c6
9.Bc1e3 Bf8g7
10.Qe2b5 O-O-O
11.Ng1e2 Bg7xd4
12.Nb1c3 Bd4xc3
13.Ne2xc3 Nc6d4
14.Nc3xd5 Nd4c2
15.Ke2 Rd8xd5
16.Qb5xd5 Nc2xa1
17.Qd5d1 Ng8f6
18.Qd1xa1 Rh8e8
19.g3 Nf6e4
20.Qa1c1 b6
21.Bf1g2 Ne4d6
22.Rh1d1 f5
23.Kf1 Nd6e4
24.Be3f4 Re8d8
25.Rd1e1 Qe7d7
26.Bg2f3 c5
27.b4 Qd7d3
28.Bf3e2 Qd3d4
29.Bf4e3 Qd4e5
30.Kg2 h5
31.h4 Ne4c3
32.Be2a6 Kd7
33.Ba6b7 c4
34.Be3f4 Qe5d4
35.Bf4e5 Qd4g4
36.Qc1d2 { resign }
1-0

[Event "Match"]
[Site "www.echecsemail.com"]
[Date "2016.05.02"]
[Round "1"]
[White "Carazo"]
[Black "Wagner"]
[WhiteElo "1850"]
[BlackElo "1710"]
[Result "0-1"]
[Round "1"]
1.e4 e5
2.d4 Nb8c6
3.d5 Nc6e7
4.Ng1f3 d6
5.Bf1b5 c6
6.dxc6 bxc6
7.Bb5a4 Qd8a5
8.c3 d5
9.b4 Qa5c7
10.O-O Ng8f6
11.Bc1g5 Nf6xe4
12.Bg5xe7 Bf8xe7
13.Rf1e1 O-O
14.Ba4c2 Bc8f5
15.Bc2xe4 dxe4
16.Nf3d2 Be7g5
17.Nd2c4 Rf8d8
18.Qd1c2 a5
19.g3 g6
20.h4 e3
21.Qc2e2 Bf5d3
22.Qe2g4 exf2
23.Kxf2 f6
24.hxg5 f5
25.Qg4f3 Bd3xc4
26.Nb1a3 e4
27.Qf3e3 Rd8d3
28.Qe3f4 Qc7b6
29.Kg2 Bc4d5
30.Re1h1 e3
31.Kh2 Rd3d2
32.Kh3 Rd2f2
33.Qf4e5 e2
34.Rh1e1 Bd5f3
35.Qe5e6 Kf8
36.Qe6f6 Kg8
37.Qf6e6 Kf8
38.Qe6f6 Kg8
39.Na3c4 Bf3g4
{ resign }
0-1

[Event "Match"]
[Site "www.echecsemail.com"]
[Date "2016.05.02"]
[Round "1"]
[White "Attatroll"]
[Black "Snickers"]
[WhiteElo "1950"]
[BlackElo "1809"]
[Result "1-0"]
[Round "1"]
1.d4 d5
2.c4 e6
3.Nb1c3 Ng8f6
4.Bc1g5 Bf8e7
5.e3 O-O
6.Ng1f3 c6
7.Bf1d3 Nb8d7
8.O-O Rf8e8
9.a3 dxc4
10.Bd3xc4 Nf6d5
11.Bg5xe7 Qd8xe7
12.Nc3xd5 exd5
13.Bc4a2 Nd7f6
14.Nf3e5 Nf6e4
15.Ba2b1 f6
16.Ne5d3 Bc8e6
17.Nd3f4 Be6f7
18.Bb1c2 f5
19.Qd1d3 g6
20.f3 Ne4d6
21.Bc2b3 Qe7xe3
22.Qd3xe3 Re8xe3
23.Bb3a2 Kg7
24.Nf4h3 Ra8e8
25.Ra1c1 Re3e2
26.Rf1f2 h6
27.Nh3f4 g5
28.Nf4xe2 Kf6
29.Ne2g3 { resign }
1-0

[Event "Match"]
[Site "www.echecsemail.com"]
[Date "2016.05.02"]
[Round "1"]
[White "Chtoubidou"]
[Black "Pimpampum"]
[WhiteElo "1970"]
[BlackElo "1499"]
[Result "0-1"]
[Round "1"]
1.e4 c5
2.b3 Ng8f6
3.d3 Nb8c6
4.Bc1b2 d5
5.exd5 Nf6xd5
6.Nb1d2 Bc8f5
7.Ng1f3 e6
8.Bf1e2 Nd5f4
9.O-O f6
10.Nf3h4 Bf5g6
11.Nh4xg6 hxg6
12.Rf1e1 Qd8c7
13.g3 Nf4xe2
14.Qd1xe2 e5
15.f4 Bf8d6
16.Nd2c4 O-O-O
17.fxe5 Bd6e7
18.exf6 Be7xf6
19.Qe2e6 Kb8
20.Bb2xf6 gxf6
21.Qe6xf6 Nc6d4
22.Ra1c1 Rh8f8
23.Qf6e5 Nd4f3
{ resign }
0-1

[Event "Match"]
[Site "www.echecsemail.com"]
[Date "2016.05.02"]
[Round "1"]
[White "Ranjachess"]
[Black "Taxrama"]
[WhiteElo "1770"]
[BlackElo "1499"]
[Result "1-0"]
[Round "1"]
1.d4 d5
2.Nb1c3 e6
3.a3 Bf8e7
4.Bc1f4 Ng8f6
5.Nc3b5 Nb8a6
6.e3 Nf6e4
7.Qd1f3 c6
8.Nb5c3 Qd8a5
9.O-O-O Ne4xc3
10.Bf1xa6 Nc3a2
11.Kb1 Na2c3
12.bxc3 Be7xa3
13.Ka2 Ba3c1
14.Kb1 Qa5a3
15.Rd1xc1 bxa6
16.Qf3g3 O-O
17.Bf4d6 Qa3xc3
18.Ng1e2 Qc3c4
19.e4 Rf8d8
20.Bd6a3 Bc8d7
21.Qg3d3 Qc4a4
22.c4 Ra8b8
23.Ka2 dxe4
24.Qd3d1 Qa4a5
25.Rc1b1 Rb8c8
26.Qd1c2 f5
27.Rb1b4 c5
28.Rb4b7 Bd7c6
29.Rb7xa7 Rc8b8
30.Qc2c3 Qa5a4
31.d5 Rd8d7
32.Ra7xd7 Bc6xd7
33.Rh1b1 Rb8d8
34.Ne2f4 exd5
35.Nf4xd5 Rd8e8
36.Nd5b6 Qa4c6
37.Nb6xd7 Qc6xd7
38.Ba3xc5 h5
39.Bc5b6 Qd7d6
40.h4 Qd6e6
41.Bb6d4 g6
42.Rb1b6 Qe6c8
43.c5 Kh7
44.c6 Qc8e6
45.Kb2 Qe6d6
46.c7 Qd6d7
47.Rb6b8 Re8c8
48.Bd4b6 Qd7b5
49.Qc3b3 Qb5e8
50.Bb6d4 Qe8d7
51.Rb8xc8 Qd7xc8
52.Qb3b8 Qc8xb8
53.cxb8Q g5
54.Qb8h8 Kg6
55.Qh8g7 
1-0

[Event "Match"]
[Site "www.echecsemail.com"]
[Date "2016.05.02"]
[Round "1"]
[White "Gambitmiau"]
[Black "Caspito"]
[WhiteElo "1850"]
[BlackElo "1760"]
[Result "0-1"]
[Round "1"]
1.e4 e5
2.d4 c6
3.Bf1c4 d5
4.exd5 cxd5
5.Bc4b5 Bc8d7
6.Bb5xd7 Nb8xd7
7.dxe5 Nd7xe5
8.Qd1e2 Qd8e7
9.Bc1e3 g6
10.Qe2b5 Qe7d7
11.Nb1c3 Ng8f6
12.O-O-O Bf8g7
13.Qb5xd7 Ne5xd7
14.Ng1f3 Nd7b6
15.Be3xb6 axb6
16.Rh1e1 Kf8
17.a3 Ra8d8
18.Re1e5 Bg7h6
19.Nf3g5 d4
20.Nc3b5 Nf6g4
21.Rd1xd4 Rd8xd4
22.Kb1 Ng4xe5
23.Ng5e6 fxe6
24.Nb5xd4 Kf7
25.Nd4b5 Ne5g4
26.Nb5d6 Ke7
{ resign }
0-1

[Event "Match"]
[Site "www.echecsemail.com"]
[Date "2016.05.02"]
[Round "1"]
[White "Ditto"]
[Black "Darknight"]
[WhiteElo "1620"]
[BlackElo "1630"]
[Result "0-1"]
[Round "1"]
1.e4 e5
2.Ng1f3 d6
3.Bf1c4 h6
4.O-O Bc8g4
5.d3 g5
6.Nb1d2 Ng8e7
7.c3 f6
8.Qd1b3 b6
9.Bc4f7 Kd7
10.d4 Rh8h7
11.Qb3a4 Nb8c6
12.d5 b5
13.Qa4xb5 Rh7xf7
14.dxc6 Ke8
15.b3 Ne7g6
16.Rf1e1 Ke7
17.a4 h5
18.Bc1a3 Ke8
19.Re1e3 h4
20.Qb5c4 Qd8c8
21.h3 Bg4e6
22.Qc4e2 g4
23.Nf3h2 gxh3
24.gxh3 Rf7g7
25.b4 Ng6f4
26.Kf1 Nf4xe2
27.Kxe2 Be6xh3
28.b5 a6
29.Ba3b4 a5
30.Bb4a3 Rg7g2
31.Nh2f3 Qc8g4
32.Ra1h1 Bf8h6
33.Re3d3 Ke7
34.Rh1b1 Bh6xd2
35.Rd3xd2 Qg4xe4
36.Kd1 Qe4xb1
37.Ke2 Qb1e4
{ resign }
0-1

[Event "Match"]
[Site "www.echecsemail.com"]
[Date "2016.05.02"]
[Round "1"]
[White "Battlechess"]
[Black "Ipolit"]
[WhiteElo "1510"]
[BlackElo "1549"]
[Result "0-1"]
[Round "1"]
1.Ng1f3 Ng8f6
2.g3 d5
3.Bf1g2 g6
4.b3 Bf8g7
5.Bc1b2 c5
6.d3 O-O
7.O-O Nb8c6
8.Nb1d2 Bc8g4
9.h3 Bg4f5
10.Nf3e5 Nc6xe5
11.Bb2xe5 Qd8d7
12.Kh2 Rf8d8
13.Be5b2 Nf6e8
14.Bb2xg7 Ne8xg7
15.e4 Bf5e6
16.exd5 Be6xd5
17.Nd2e4 Qd7c6
18.Rf1g1 f5
19.Ne4c3 Bd5xg2
20.Rg1xg2 e5
21.Rg2g1 Ng7e6
22.Nc3e2 Ne6g5
{ resign }
0-1

[Event "Match"]
[Site "www.echecsemail.com"]
[Date "2016.05.02"]
[Round "1"]
[White "Fkarpov"]
[Black "Genius2"]
[WhiteElo "2160"]
[BlackElo "1740"]
[Result "1/2-1/2"]
[Round "1"]
1.e4 c6
2.d4 d5
3.e5 Bc8f5
4.Nb1c3 e6
5.Bf1d3 Bf5xd3
6.Qd1xd3 Qd8a5
7.Ng1e2 Qa5a6
8.Qd3xa6 Nb8xa6
9.a3 Ng8e7
10.O-O Ne7g6
11.g3 c5
12.Bc1e3 cxd4
13.Be3xd4 Bf8c5
14.Bd4xc5 Na6xc5
15.b4 Nc5d7
16.Nc3b5 Ke7
17.Ra1c1 Ng6xe5
18.Ne2d4 a6
19.Nb5c3 Ra8c8
20.Nc3e2 Ne5c4
21.a4 Rh8d8
22.Rf1e1 Kf8
23.c3 Nc4b2
24.Rc1a1 Nb2d3
25.Re1d1 Nd3e5
26.f4 Ne5c4
{ draw }
1/2-1/2

[Event "Match"]
[Site "www.echecsemail.com"]
[Date "2016.05.02"]
[Round "1"]
[White "Chessexpert"]
[Black "Mrynmryn"]
[WhiteElo "1480"]
[BlackElo "1599"]
[Result "0-1"]
[Round "1"]
1.e4 e5
2.Ng1f3 Ng8f6
3.Nf3xe5 d6
4.Ne5f3 Nf6xe4
5.d4 d5
6.Bf1d3 Nb8c6
7.O-O Bf8e7
8.c4 Bc8e6
9.Rf1e1 O-O
10.a3 Ne4f6
11.c5 Be6g4
12.Bd3e2 Nf6e4
13.Nb1c3 Be7f6
14.Bc1e3 Rf8e8
15.Ra1c1 Bf6h4
16.Nf3xh4 Bg4xe2
17.Qd1xe2 Qd8xh4
18.Nc3xd5 Ra8c8
19.g3 Qh4d8
20.Nd5c3 Ne4xc3
21.bxc3 Qd8d5
22.Qe2d2 h5
23.c4 Qd5f5
24.d5 Nc6e5
{ resign }
0-1

[Event "1/64 Finale"]
[Site "www.chess-mail.com"]
[Date "2016.05.02"]
[Round "1"]
[White "Sandokam"]
[Black "Mitja"]
[WhiteElo "2089"]
[BlackElo "1900"]
[Result "0-1"]
[Round "1"]
1.e4 d5
2.exd5 Qd8xd5
3.Nb1c3 Qd5d8
4.d4 e6
5.Ng1f3 c6
6.a3 h6
7.Bc1e3 Ng8f6
8.h3 Nb8d7
9.Bf1d3 Nd7b6
10.Qd1e2 Nb6d5
11.Nc3xd5 Nf6xd5
12.O-O Nd5xe3
13.Qe2xe3 Bf8e7
14.c4 b6
15.b4 Bc8b7
16.Ra1d1 Qd8c7
17.Nf3e5 Be7g5
18.Qe3e2 Ra8d8
19.Bd3e4 O-O
20.Ne5f3 Bg5f6
21.c5 Qc7c8
22.Rf1e1 bxc5
23.dxc5 Rd8xd1
24.Re1xd1 Rf8d8
25.Rd1d2 Rd8xd2
26.Qe2xd2 Qc8c7
27.Nf3h2 Qc7d8
28.Qd2e2 Qd8d4
29.Qe2f3 Qd4a1
30.Nh2f1 Bb7a6
31.Be4d3 Ba6xd3
32.Qf3xd3 Bf6b2
33.Qd3d7 Qa1xa3
34.Qd7xc6 g6
35.Qc6b7 Bb2d4
36.c6 Qa3b2
37.Nf1e3 Qb2c1
38.Kh2 Bd4b6
39.b5 Qc1c5
40.Kg1 Kg7
41.Qb7b8 h5
42.Kh1 Kf6
43.h4 Kg7
44.g3 Qc5xb5
45.Qb8b7 Qb5c5
46.Qb7d7 a5
{ resign }
0-1

[Event "1/128 Finale"]
[Site "www.chess-mail.com"]
[Date "2016.05.02"]
[Round "1"]
[White "Fvdp"]
[Black "Buchauer"]
[WhiteElo "2380"]
[BlackElo "2309"]
[Result "0-1"]
[Round "1"]
1.e4 e5
2.Ng1f3 Nb8c6
3.d4 exd4
4.Nf3xd4 Bf8c5
5.Nd4xc6 Qd8f6
6.Qd1f3 dxc6
7.Nb1c3 Bc8e6
8.Qf3g3 O-O-O
9.Bc1e3 Bc5xe3
10.Qg3xe3 Kb8
11.f4 Ng8h6
12.h3 Qf6e7
13.Bf1d3 f6
14.O-O-O Nh6f7
15.g4 h5
16.Rd1e1 Be6c8
17.Qe3e2 hxg4
18.hxg4 Rh8xh1
19.Re1xh1 g5
20.f5 Nf7e5
21.Nc3d1 b6
22.Nd1f2 Qe7c5
23.Kb1 Bc8b7
24.a3 Qc5d4
25.c3 Qd4c5
26.Rh1d1 Rd8h8
27.Qe2e1 a5
28.Bd3f1 Rh8h2
29.Nf2d3 Qc5b5
30.Qe1g3 Rh2h1
31.Kc1 Rh1xf1
32.Rd1xf1 Ne5xd3
{ resign }
0-1

[Event "Tourn. n8726"]
[Site "www.chess-mail.com"]
[Date "2016.05.03"]
[Round "1"]
[White "Pellix84"]
[Black "Hundegana"]
[WhiteElo "2020"]
[BlackElo "1880"]
[Result "1-0"]
[Round "1"]
1.d4 c5
2.d5 d6
3.c4 Bc8d7
4.Nb1c3 g6
5.e4 Bf8g7
6.Bf1d3 a6
7.a4 h5
8.h3 Ng8f6
9.Bc1e3 e6
10.f4 exd5
11.exd5 Qd8e7
12.Qd1d2 O-O
13.Ng1f3 Bg7h6
14.O-O Rf8e8
15.Ra1e1 Qe7f8
16.Qd2f2 Kh7
17.Nf3g5 Bh6xg5
18.fxg5 Nf6g8
19.Qf2xf7 Qf8xf7
20.Rf1xf7 Kh8
21.Bd3xg6 Ng8e7
22.Bg6xh5 Bd7f5
23.g6 Bf5xg6
24.Bh5xg6 Ne7xg6
25.Be3d4 Ng6e5
26.Bd4xe5 dxe5
27.Nc3e4 b6
28.Ne4f6 a5
29.Rf7h7 { resign }
1-0

[Event "Tourn. n8617"]
[Site "www.chess-mail.com"]
[Date "2016.05.03"]
[Round "1"]
[White "Asoka"]
[Black "Nimzo"]
[WhiteElo "2730"]
[BlackElo "2790"]
[Result "1/2-1/2"]
[Round "1"]
1.e4 e6
2.d4 d5
3.exd5 exd5
4.Ng1f3 Bf8d6
5.Bf1d3 Ng8e7
6.O-O O-O
7.Nb1c3 c6
8.Rf1e1 Ne7g6
9.h3 Nb8a6
10.Bc1g5 f6
11.Bg5e3 Na6b4
12.Bd3xg6 hxg6
13.a3 Nb4a6
14.Qd1d2 g5
15.Qd2d3 Na6c7
16.Be3d2 Bc8e6
17.Nc3e2 Qd8d7
18.Bd2b4 Be6f5
19.Qd3b3 Bd6xb4
20.axb4 a6
21.Ne2g3 Bf5g6
22.h4 g4
23.Nf3h2 Nc7b5
24.c3 Nb5d6
25.Qb3d1 f5
26.Ng3f1 Ra8e8
27.f3 gxf3
28.Nh2xf3 Bg6h5
29.Re1xe8 Qd7xe8
30.Qd1d3 Bh5xf3
31.Qd3xf3 Qe8e4
32.Qf3f2 Rf8e8
33.Nf1d2 Qe4g4
34.Ra1e1 Nd6e4
35.Nd2xe4 dxe4
36.g3 Re8e6
37.Kg2 Re6f6
38.Qf2e2 Qg4g6
39.Qe2c4 Kh8
40.Qc4c5 f4
41.Qc5g5 Qg6xg5
42.hxg5 f3
43.Kf2 Rf6e6
{ draw }
1/2-1/2

[Event "Tourn. n8633"]
[Site "www.chess-mail.com"]
[Date "2016.05.03"]
[Round "1"]
[White "Gatrooper"]
[Black "Genius9"]
[WhiteElo "1700"]
[BlackElo "1820"]
[Result "0-1"]
[Round "1"]
1.e4 d6
2.d4 Ng8f6
3.Nb1c3 g6
4.h3 Bf8g7
5.d5 O-O
6.Ng1f3 c5
7.Nf3g5 h6
8.Ng5f3 a6
9.a3 b5
10.g4 Nb8d7
11.Bf1d3 Bc8b7
12.h4 Nf6xg4
13.h5 c4
14.Bd3e2 Ng4e5
15.hxg6 fxg6
16.Bc1xh6 Ne5xf3
17.Be2xf3 Bg7xh6
18.Rh1xh6 Kg7
19.Rh6h3 Rf8h8
20.Qd1d4 Nd7e5
21.Rh3xh8 Qd8xh8
22.Bf3g2 Qh8h5
23.Nc3e2 Qh5h2
24.O-O-O Qh2xg2
25.Rd1g1 Qg2f3
26.Ne2c3 Qf3f4
27.Kb1 Bb7c8
28.Nc3e2 Qf4f6
29.Qd4c3 Ne5f3
30.Rg1g3 Nf3e5
31.Ne2d4 Bc8d7
32.Nd4e6 Bd7xe6
33.Qc3e1 a5
34.Qe1g1 Ra8f8
35.Qg1h1 Rf8h8
36.Qh1g2 Be6d7
37.Ka2 b4
38.axb4 axb4
39.c3 b3
40.Kb1 Qf6h4
41.Kc1 Qh4h1
42.Qg2xh1 Rh8xh1
43.Kd2 Ne5d3
44.Ke3 Rh1e1
45.Kf3 Nd3xb2
46.Kf4 Kf6
47.Rg3g5 Re1xe4
48.Kf3 Kxg5
49.Kxe4 Bd7f5
50.Ke3 Nb2a4
51.Kd2 b2
52.f4 Kxf4
53.Kd1 b1Q
54.Ke2 Qb1d3
55.Kf2 Qd3d2
{ resign }
0-1

[Event "Tourn. n8751"]
[Site "www.chess-mail.com"]
[Date "2016.05.03"]
[Round "1"]
[White "Vitoriccardo"]
[Black "Pimpampum"]
[WhiteElo "1910"]
[BlackElo "2030"]
[Result "0-1"]
[Round "1"]
1.e4 c5
2.c3 Ng8f6
3.e5 Nf6d5
4.d4 d6
5.Ng1f3 Nb8c6
6.Bf1b5 a6
7.Bb5xc6 bxc6
8.exd6 Qd8xd6
9.O-O Bc8g4
10.Nb1d2 e6
11.Qd1a4 Bg4xf3
12.Nd2xf3 Bf8e7
13.Nf3e5 O-O
14.Ne5xc6 Be7f6
15.Bc1e3 Rf8c8
16.Nc6a5 Nd5xe3
17.fxe3 Ra8b8
18.Na5c4 Qd6d5
19.b3 e5
20.Qa4xa6 Qd5e4
21.Nc4d6 Qe4xe3
22.Kh1 Rc8d8
23.Qa6a7 Rd8f8
24.Qa7xc5 exd4
25.Nd6f5 Qe3xc3
26.Qc5xc3 dxc3
27.Ra1c1 Rb8b5
28.Nf5h6 Kh8
29.Nh6g4 Bf6d4
30.Rf1d1 Rf8d8
31.Rc1xc3 h5
32.Rc3d3 Rb5c5
33.Ng4e3 Rc5c8
34.Ne3c4 Bd4f6
35.Rd3xd8 Rc8xd8
36.Rd1xd8 Bf6xd8
37.Kg1 Kg8
38.b4 Kf8
39.a4 Ke7
40.Kf2 Ke6
41.Ke3 Kd5
42.Kd3 Bd8e7
43.b5 Kc5
44.Kc3 Be7d8
45.Kb3 Bd8c7
46.h3 g5
47.Nc4d2 f5
48.g4 hxg4
49.hxg4 Bc7f4
50.gxf5 Bf4xd2
51.Kc2 Bd2a5
52.f6 Kd6
53.Kd3 Ke6
54.f7 Kxf7
{ resign }
0-1

[Event "Tourn. n8630"]
[Site "www.chess-mail.com"]
[Date "2016.05.03"]
[Round "1"]
[White "Guidom"]
[Black "Roserl"]
[WhiteElo "2090"]
[BlackElo "1900"]
[Result "1/2-1/2"]
[Round "1"]
1.e4 c5
2.Ng1f3 Nb8c6
3.c4 d6
4.Nb1c3 g6
5.d3 Bf8g7
6.Bf1e2 Ng8f6
7.O-O O-O
8.Bc1g5 a6
9.a3 Ra8b8
10.Ra1b1 b5
11.Qd1d2 b4
12.axb4 Nc6xb4
13.Nc3d5 Nf6xd5
14.cxd5 Qd8c7
15.Rf1e1 e6
16.dxe6 Bc8xe6
17.d4 a5
18.dxc5 dxc5
19.Bg5f4 Qc7c6
20.Bf4xb8 Rf8xb8
21.Qd2f4 Rb8c8
22.h3 Be6a2
23.Rb1d1 Bg7xb2
24.Rd1d6 Qc6c7
25.e5 Ba2e6
26.Nf3g5 Qc7e7
27.Ng5xe6 fxe6
28.Be2g4 Rc8f8
29.Bg4xe6 Kh8
30.Qf4h6 Bb2xe5
31.Rd6d7 Be5g7
32.Qh6xh7 Kxh7
33.Rd7xe7 Nb4d3
34.Re1e2 Kh6
35.Re7a7 Bg7d4
36.Ra7xa5 Nd3xf2
37.Kh2 Nf2d3
38.Re2e4 Rf8f2
39.Be6g4 Nd3f4
40.Bg4f3 Nf4d3
41.Ra5a6 Nd3e5
42.Kg3 Rf2d2
43.Bf3e2 c4
44.Ra6a4 c3
45.Ra4xd4 c2
46.Re4h4 Kg5
47.Rd4c4 Ne5xc4
48.Rh4xc4 Rd2xe2
49.Kf3 { draw }
1/2-1/2

[Event "Tourn. n8630"]
[Site "www.chess-mail.com"]
[Date "2016.05.03"]
[Round "1"]
[White "Roserl"]
[Black "Prize64"]
[WhiteElo "1900"]
[BlackElo "1959"]
[Result "0-1"]
[Round "1"]
1.e4 c5
2.Ng1f3 Nb8c6
3.d4 cxd4
4.Nf3xd4 g6
5.Nb1c3 Bf8g7
6.Bc1e3 Ng8f6
7.Bf1c4 O-O
8.O-O d6
9.h3 Bc8d7
10.Qd1d2 Nc6xd4
11.Be3xd4 Bd7c6
12.Ra1e1 Nf6d7
13.f4 Bg7xd4
14.Qd2xd4 Qd8b6
15.Qd4xb6 Nd7xb6
16.Bc4b3 Ra8c8
17.f5 Kg7
18.Re1e3 f6
19.fxg6 hxg6
20.Re3g3 Nb6d7
21.Bb3e6 Rc8c7
22.Be6f5 Nd7e5
23.h4 Kf7
24.Bf5h3 Rf8h8
25.Rf1f4 Rh8h6
26.Nc3d1 Ne5c4
27.b3 Nc4d2
28.Rg3e3 e5
29.Rf4g4 Nd2xe4
30.Rg4xe4 Bc6xe4
31.Re3xe4 Rc7xc2
32.a4 a5
33.g3 f5
34.Re4e1 Rh6h8
35.Bh3f1 Rc2c1
36.Kf2 Rh8c8
37.Bf1e2 Rc8c2
38.Kf1 Kf6
39.Be2c4 Rc2xc4
40.bxc4 Rc1xc4
41.Nd1b2 Rc4b4
42.Re1e2 d5
43.Kf2 e4
44.Ke3 Ke5
45.Kf2 Rb4b3
46.Kg2 Rb3c3
47.Kf2 d4
48.Nb2d1 Rc3c1
49.Nd1b2 Kd5
{ resign }
0-1

[Event "Tourn. n8670"]
[Site "www.chess-mail.com"]
[Date "2016.05.03"]
[Round "1"]
[White "Hansen"]
[Black "Falcoale"]
[WhiteElo "1620"]
[BlackElo "1860"]
[Result "0-1"]
[Round "1"]
1.e4 c5
2.Qd1h5 Ng8f6
3.Qh5xc5 e6
4.Qc5e5 Nb8c6
5.Qe5g3 Nf6xe4
6.Qg3f3 Ne4g5
7.Qf3c3 Ng5e4
8.Qc3f3 Ne4f6
9.Ng1h3 Nc6d4
10.Qf3c3 Nd4c6
11.a3 Nf6e4
12.Qc3f3 Ne4f6
13.d3 Nc6d4
14.Qf3d1 Qd8c7
15.c3 Nd4c6
16.Bc1g5 Bf8e7
17.b4 h6
18.Bg5xf6 Be7xf6
19.d4 O-O
20.Bf1d3 Rf8e8
21.f4 Nc6e7
22.Nb1d2 Ne7f5
23.Qd1c2 Nf5e3
24.Qc2b3 Ne3xg2
25.Kf1 Ng2xf4
26.Nh3xf4 Bf6g5
27.Nf4h5 e5
28.Nd2f3 d6
29.Ra1e1 Qc7d7
30.h4 Qd7g4
31.hxg5 Qg4xf3
32.Kg1 Bc8h3
33.Bd3f1 Qf3g3
34.Bf1g2 Qg3xg2
{ resign }
0-1

[Event "Tourn. n8645"]
[Site "www.chess-mail.com"]
[Date "2016.05.03"]
[Round "1"]
[White "Odin"]
[Black "Roserl"]
[WhiteElo "1900"]
[BlackElo "1900"]
[Result "0-1"]
[Round "1"]
1.e4 c5
2.Ng1f3 Nb8c6
3.c3 d5
4.e5 Bc8g4
5.Qd1a4 Bg4xf3
6.gxf3 a6
7.f4 b5
8.Qa4c2 e6
9.Bf1g2 Ng8e7
10.d3 Ra8c8
11.Nb1d2 Ne7f5
12.b3 Bf8e7
13.Nd2f3 O-O
14.Bc1b2 c4
15.d4 cxb3
16.axb3 Qd8b6
17.O-O Nc6xd4
18.Nf3xd4 Nf5xd4
19.Qc2d1 Nd4f5
20.Bg2h3 Nf5h4
21.Qd1h5 a5
22.f5 exf5
23.Bh3xf5 Nh4xf5
24.Qh5xf5 Rc8c6
25.Qf5g4 Rc6g6
26.Qg4xg6 Qb6xg6
27.Kh1 Qg6e4
28.f3 Qe4xe5
29.Rf1e1 Qe5f6
30.Re1f1 Qf6b6
31.c4 dxc4
32.Bb2c3 b4
33.Bc3e1 c3
34.Be1f2 Be7c5
35.Bf2xc5 Qb6xc5
36.Ra1c1 g6
37.h4 Rf8d8
38.h5 Qc5xh5
39.Kg2 Rd8d2
40.Kg3 Qh5h2
41.Kg4 Rd2g2
{ resign }
0-1

[Event "Tourn. n8711"]
[Site "www.chess-mail.com"]
[Date "2016.05.03"]
[Round "1"]
[White "Odin"]
[Black "Faerieking"]
[WhiteElo "2010"]
[BlackElo "2230"]
[Result "0-1"]
[Round "1"]
1.d4 Ng8f6
2.c4 e6
3.Nb1c3 Bf8b4
4.Qd1c2 O-O
5.a3 Bb4xc3
6.Qc2xc3 b5
7.cxb5 c6
8.e3 cxb5
9.Bf1xb5 Nf6e4
10.Qc3c2 Qd8a5
11.b4 Qa5xb5
12.Ng1e2 Qb5f5
13.Ne2g3 Ne4xg3
14.Qc2xf5 Ng3xf5
15.O-O Nb8c6
16.Bc1b2 d5
17.Ra1c1 Bc8d7
18.b5 Nc6a5
19.a4 Rf8c8
20.Rf1e1 Na5c4
21.Bb2c3 a6
22.bxa6 Ra8xa6
23.e4 dxe4
24.Re1xe4 Ra6xa4
25.Rc1e1 Nc4d6
{ resign }
0-1

[Event "Match"]
[Site "www.echecsemail.com"]
[Date "2016.05.03"]
[Round "1"]
[White "Mitja"]
[Black "Elogic"]
[WhiteElo "1840"]
[BlackElo "1900"]
[Result "1-0"]
[Round "1"]
1.d4 Ng8f6
2.e3 d5
3.h3 g6
4.Ng1f3 Nf6e4
5.c3 a6
6.Nb1d2 Ne4xd2
7.Qd1xd2 b5
8.b4 Bc8f5
9.Bf1d3  { time }
1-0